000 01126cam a2200325Ia 4500
001 5354317
005 20090423120059.0
008 050310s2004 tu b 000 0 eng d
035 _a(OCoLC)ocm58438177
035 _a(NNC)5354317
040 _aGZM
_cGZM
_dNOC
050 _aBP166
_b.I85 1995
090 _aBP166
_b.A464 2004
100 0 _aAhmet Cevdet Paşa,
_d1822-1895.
245 1 4 _aThe Sunni path /
_c[Ahmet Cevdet Pas̜a].
250 _a16th ed.
260 _aİstanbul :
_bHakîkat Kitâbevi,
_c2004.
300 _a112 p. ;
_c19 cm.
490 1 _aHakikat Kitabevi publications ;
_vno. 7
500 _a"This booklet was written by Ahmed Cevdet Paşa ..."-p. 6.
504 _aIncludes bibliographical references.
650 0 _aSunnites.
650 0 _aIslam
_vApologetic works.
650 0 _aIslamic sects.
650 4 _aSunita (Secta)
830 0 _aHakikat Kitabevi publications ;
_vno. 7.
942 _2lcc
_cBK
999 _c8709
_d8709